[Event "Titled Tuesday 2021.07.27"]
[Site "Chess.com INT"]
[Date "2021.07.27"]
[Round "5"]
[White "Nugumanov, Bakhtiyar"]
[Black "Preotu, Razvan"]
[Result "0-1"]
[WhiteElo "2375"]
[BlackElo "2487"]
[WhiteFideId "-1"]
[WhiteFideId "-1"]
[PlyCount "78"]
[GameId "1677087820709888"]
[EventDate "2021.07.27"]
[EventType "swiss (blitz)"]
[EventRounds "11"]
[EventCountry "NET"]
[SourceTitle "CBM 203 Extra"]
[Source "ChessBase"]
[SourceDate "2021.09.30"]
[SourceVersion "1"]
[SourceVersionDate "2021.09.30"]
[SourceQuality "1"]

1. e4 c5 2. Nf3 d6 3. d4 cxd4 4. Qxd4 Nc6 5. Qe3 g6 6. h3 Bg7 7. c4 Nf6 8. Nc3 O-O 9. Be2 Nd7 10. O-O Qb6 11. Rb1 Qxe3 12. Bxe3 Bxc3 13. bxc3 b6 14. Nd4 Bb7 15. f3 Rfc8 16. Kf2 Na5 17. h4 Nxc4 18. Bc1 a6 19. h5 e5 20. Nb3 d5 21. exd5 Bxd5 22. hxg6 hxg6 23. Rh1 a5 24. Nd2 Nxd2 25. Bxd2 Bxa2 26. Ra1 Bc4 27. Rh6 Bxe2 28. Kxe2 Kg7 29. Rah1 Rh8 30. c4 Rxh6 31. Bxh6+ Kf6 32. Be3 a4 33. Ra1 Ke6 34. Kd3 a3 35. Kc3 a2 36. Kb3 Nc5+ 37. Kb4 Kd6 38. Kb5 Nb3 39. Rd1+ Ke6 0-1

[Event "Titled Tuesday 2021.07.27"]
[Site "chess.com INT"]
[Date "2021.07.27"]
[Round "1"]
[White "Nguyen, Hong Ngoc"]
[Black "Preotu, Razvan"]
[Result "0-1"]
[WhiteElo "1957"]
[BlackElo "2487"]
[WhiteFideId "-1"]
[WhiteFideId "-1"]
[PlyCount "50"]
[GameId "2130307585344349"]
[EventDate "2021.07.27"]
[EventType "swiss (blitz)"]
[EventRounds "11"]
[EventCountry "NET"]
[SourceTitle "The Week in Chess 1395"]
[Source "Mark Crowther"]
[SourceDate "2021.08.02"]
[SourceVersion "1"]
[SourceVersionDate "2021.08.02"]
[SourceQuality "2"]

1. e4 c5 2. Nc3 d6 3. g3 Nc6 4. Bg2 g6 5. d3 Bg7 6. Be3 Rb8 7. Qd2 b5 8. Nge2 b4 9. Nd1 Nd4 10. O-O h5 11. h4 e6 12. c3 Nxe2+ 13. Qxe2 bxc3 14. bxc3 Ba6 15. Re1 Nf6 16. Qd2 Ng4 17. Bg5 Qa5 18. d4 cxd4 19. cxd4 Qxd2 20. Bxd2 Bxd4 21. Rc1 Kd7 22. Bh3 Ne5 23. Bc3 Nf3+ 24. Kh1 Bxc3 25. Rxc3 Nxe1 0-1

[Event "Titled Tuesday 2021.07.27"]
[Site "chess.com INT"]
[Date "2021.07.27"]
[Round "3"]
[White "Chernomordik, Pavel"]
[Black "Preotu, Razvan"]
[Result "0-1"]
[WhiteElo "2195"]
[BlackElo "2487"]
[WhiteFideId "-1"]
[WhiteFideId "-1"]
[PlyCount "78"]
[GameId "2130307585348559"]
[EventDate "2021.07.27"]
[EventType "swiss (blitz)"]
[EventRounds "11"]
[EventCountry "NET"]
[SourceTitle "The Week in Chess 1395"]
[Source "Mark Crowther"]
[SourceDate "2021.08.02"]
[SourceVersion "1"]
[SourceVersionDate "2021.08.02"]
[SourceQuality "2"]

1. e4 c5 2. Nc3 d6 3. f4 Nc6 4. Nf3 g6 5. Bb5 Bd7 6. O-O Bg7 7. d3 a6 8. Bxc6 Bxc6 9. Qe1 Qd7 10. Nd5 Bxd5 11. exd5 Nh6 12. h3 Nf5 13. c3 h5 14. Ng5 h4 15. Be3 Bf6 16. Ne4 Kf8 17. Bf2 Kg7 18. Qe2 Rae8 19. Rfe1 e6 20. Nxf6 Kxf6 21. Qf3 exd5 22. Qxd5 Qc6 23. Qxc6 bxc6 24. b3 Re6 25. Kf1 Ng7 26. Re4 Kf5 27. Rae1 Rxe4 28. Rxe4 Ne6 29. Ra4 Nxf4 30. Rxa6 Nxd3 31. Rxc6 Ke6 32. Be3 Ra8 33. a4 Rb8 34. Ke2 Ne5 35. Ra6 Rxb3 36. Bxc5 Nc4 37. Kd3 Kd5 38. Bf2 Rb2 39. Bxh4 Rd2# 0-1

[Event "Titled Tuesday 2021.07.27"]
[Site "chess.com INT"]
[Date "2021.07.27"]
[Round "6"]
[White "Preotu, Razvan"]
[Black "Bok, Benjamin"]
[Result "1-0"]
[WhiteElo "2487"]
[BlackElo "2624"]
[WhiteFideId "-1"]
[WhiteFideId "-1"]
[PlyCount "85"]
[GameId "2130307585361073"]
[EventDate "2021.07.27"]
[EventType "swiss (blitz)"]
[EventRounds "11"]
[EventCountry "NET"]
[SourceTitle "The Week in Chess 1395"]
[Source "Mark Crowther"]
[SourceDate "2021.08.02"]
[SourceVersion "1"]
[SourceVersionDate "2021.08.02"]
[SourceQuality "2"]

1. e4 c5 2. Nf3 d6 3. Bb5+ Nd7 4. a4 Ngf6 5. Nc3 a6 6. Be2 b6 7. d4 cxd4 8. Qxd4 Bb7 9. O-O e6 10. Rd1 Qc7 11. Be3 Ng4 12. Bg5 h6 13. Bh4 Rc8 14. Nd2 Nge5 15. Qe3 Qc5 16. Qxc5 Nxc5 17. f3 g5 18. Bf2 Bg7 19. Nb3 Ke7 20. Nd4 Rhd8 21. Ra3 Ng6 22. Be3 Bf6 23. Kf2 h5 24. h3 h4 25. Rd2 Nf4 26. Bf1 Be5 27. b4 Nd7 28. Nce2 f6 29. c4 Rc7 30. Kg1 Rdc8 31. Nxf4 Bxf4 32. Bxf4 gxf4 33. a5 bxa5 34. Rxa5 Ne5 35. b5 Nxc4 36. Bxc4 Rxc4 37. bxa6 Ba8 38. Rh5 Kf7 39. Rxh4 Ra4 40. Rh7+ Kg6 41. Ra7 Rc1+ 42. Kf2 Bc6 43. Nxe6 1-0

[Event "Titled Tuesday 2021.07.27"]
[Site "chess.com INT"]
[Date "2021.07.27"]
[Round "9"]
[White "Chernobay, Artem"]
[Black "Preotu, Razvan"]
[Result "0-1"]
[WhiteElo "2490"]
[BlackElo "2487"]
[WhiteFideId "-1"]
[WhiteFideId "-1"]
[PlyCount "40"]
[GameId "2130307585365321"]
[EventDate "2021.07.27"]
[EventType "swiss (blitz)"]
[EventRounds "11"]
[EventCountry "NET"]
[SourceTitle "The Week in Chess 1395"]
[Source "Mark Crowther"]
[SourceDate "2021.08.02"]
[SourceVersion "1"]
[SourceVersionDate "2021.08.02"]
[SourceQuality "2"]

1. d4 Nf6 2. c4 g6 3. Nc3 d5 4. cxd5 Nxd5 5. e4 Nxc3 6. bxc3 Bg7 7. Bc4 c5 8. Ne2 Nc6 9. Be3 O-O 10. O-O b6 11. h4 Bb7 12. h5 cxd4 13. cxd4 Rc8 14. Rc1 Na5 15. Bd3 Rxc1 16. Qxc1 Nc6 17. e5 Nxe5 18. dxe5 Qxd3 19. Qc7 Qe4 20. Nf4 g5 0-1

[Event "Titled Tuesday 2021.07.27"]
[Site "chess.com INT"]
[Date "2021.07.27"]
[Round "11"]
[White "Lee, Qing Aun"]
[Black "Preotu, Razvan"]
[Result "0-1"]
[WhiteElo "2262"]
[BlackElo "2487"]
[WhiteFideId "-1"]
[WhiteFideId "-1"]
[PlyCount "98"]
[GameId "2130307585369534"]
[EventDate "2021.07.27"]
[EventType "swiss (blitz)"]
[EventRounds "11"]
[EventCountry "NET"]
[SourceTitle "The Week in Chess 1395"]
[Source "Mark Crowther"]
[SourceDate "2021.08.02"]
[SourceVersion "1"]
[SourceVersionDate "2021.08.02"]
[SourceQuality "2"]

1. e4 c5 2. Nf3 d6 3. d4 cxd4 4. Nxd4 Nf6 5. Nc3 a6 6. Bg5 e6 7. f4 Be7 8. Qf3 Qc7 9. O-O-O Nbd7 10. g4 b5 11. Bxf6 Nxf6 12. g5 Nd7 13. f5 O-O 14. Rg1 b4 15. Nce2 exf5 16. exf5 Bb7 17. Qg3 Rfc8 18. f6 Bf8 19. Nf4 d5 20. Bd3 Nc5 21. Bxh7+ Kxh7 22. g6+ Kg8 23. Qh4 fxg6 24. Nxg6 Ne4 25. Qh8+ Kf7 26. Nxf8 Qf4+ 27. Kb1 Qxf6 28. Rdf1 Nd2+ 29. Kc1 Nxf1 30. Qh5+ Kxf8 31. Nf5 d4 32. Rxg7 Qxg7 33. Nxg7 Kxg7 34. Qg4+ Kf7 35. Qd7+ Kf6 36. Qxb7 Ne3 37. Qb6+ Ke5 38. Qxb4 Rxc2+ 39. Kb1 Rac8 40. Qe7+ Kf4 41. Qf6+ Ke4 42. Qg6+ Kf3 43. Qf7+ Ke2 44. Qh5+ Kd2 45. a3 Rb8 46. Qa5+ Kd1 47. Qa4 Rbxb2+ 48. Ka1 Kc1 49. Qb3 Rxb3 0-1

[Event "FIDE World Cup"]
[Site "Krasnaya Polyana RUS"]
[Date "2021.07.12"]
[Round "1.1"]
[White "Preotu, Razvan"]
[Black "Yakubboev, Nodirbek"]
[Result "0-1"]
[WhiteElo "2487"]
[BlackElo "2598"]
[WhiteFideId "-1"]
[WhiteFideId "-1"]
[PlyCount "102"]
[GameId "2130307585823145"]
[EventDate "2021.07.12"]
[EventType "k.o."]
[EventRounds "8"]
[EventCountry "RUS"]
[SourceTitle "10 Days #659"]
[Source "ChessMix"]
[SourceDate "2021.08.10"]
[SourceVersion "1"]
[SourceVersionDate "2021.08.10"]
[SourceQuality "1"]

1. e4 e5 2. Nf3 Nc6 3. Bc4 Nf6 4. d3 Bc5 5. c3 d6 6. O-O a6 7. a4 Ba7 8. Re1 O-O 9. h3 Ne7 10. d4 Ng6 11. Nbd2 Re8 12. Qb3 Qd7 13. a5 h6 14. Qc2 Qd8 15. b4 Nh5 16. Nf1 Qf6 17. Ne3 Nhf4 18. Ng4 Nxh3+ 19. gxh3 Bxg4 20. hxg4 Qxf3 21. Re3 Qf6 22. Qd1 Nf4 23. Rf3 Qg5 24. Bxf4 exf4 25. Rh3 g6 26. Qb3 Rxe4 27. Bxf7+ Kg7 28. Bd5 Qxg4+ 29. Kh2 f3 30. Rg1 Qf4+ 31. Kh1 Qf5 32. Rh2 Rg4 33. Re1 h5 34. Bxb7 Rf8 35. Qe6 Qf4 36. Bxa6 c5 37. bxc5 Bb8 38. Qe3 dxc5 39. Qxf4 Rfxf4 40. Bb7 cxd4 41. cxd4 Rf7 42. Bd5 Ra7 43. Bxf3 Rxd4 44. Ra1 Bxh2 45. Kxh2 Rd6 46. Be4 Rda6 47. f4 Rxa5 48. Rg1 Ra2+ 49. Kh3 R7a6 50. f5 R6a3+ 51. Kh4 Ra4 0-1

[Event "FIDE World Cup"]
[Site "Krasnaya Polyana RUS"]
[Date "2021.07.13"]
[Round "1.2"]
[White "Yakubboev, Nodirbek"]
[Black "Preotu, Razvan"]
[Result "1/2-1/2"]
[WhiteElo "2598"]
[BlackElo "2487"]
[WhiteFideId "-1"]
[WhiteFideId "-1"]
[PlyCount "96"]
[GameId "2130307585827306"]
[EventDate "2021.07.12"]
[EventType "k.o."]
[EventRounds "8"]
[EventCountry "RUS"]
[SourceTitle "10 Days #659"]
[Source "ChessMix"]
[SourceDate "2021.08.10"]
[SourceVersion "1"]
[SourceVersionDate "2021.08.10"]
[SourceQuality "1"]

1. d4 Nf6 2. Nf3 g6 3. Bg5 Bg7 4. Nbd2 O-O 5. c3 h6 6. Bh4 d6 7. e4 Nh5 8. Bc4 Qe8 9. a4 e5 10. dxe5 dxe5 11. O-O Nd7 12. Re1 Kh8 13. Nf1 f5 14. exf5 gxf5 15. Nd4 Nc5 16. Nb5 Na6 17. Ne3 Nf4 18. Nd5 Be6 19. Nxf4 Bxc4 20. b3 Bg8 21. Nh5 Qf7 22. f4 e4 23. Re3 Kh7 24. Nxg7 Qxg7 25. Rg3 Qf7 26. Qd4 c5 27. Qd6 Rae8 28. Re1 Re6 29. Qd2 Rb6 30. b4 Qd5 31. Rd1 Qxd2 32. Rxd2 cxb4 33. cxb4 Bc4 34. Rd4 Bxb5 35. axb5 Nb8 36. Rd5 a6 37. Rc3 axb5 38. Rcc5 Kg6 39. h3 Rc6 40. Rxb5 Rf7 41. Kh2 Na6 42. Rd8 Re6 43. Re5 Rb6 44. Bf2 Rxb4 45. Re6+ Rf6 46. Re7 Rf7 47. Re6+ Rf6 48. Re7 Rf7 1/2-1/2

[Event "Titled Tuesday 2021.05.18"]
[Site "Chess.com INT"]
[Date "2021.05.18"]
[Round "3"]
[White "Preotu, Razvan"]
[Black "Khamzin, Olzhas"]
[Result "1-0"]
[WhiteElo "2487"]
[BlackElo "2301"]
[WhiteFideId "-1"]
[WhiteFideId "-1"]
[PlyCount "69"]
[GameId "1651696441073664"]
[EventDate "2021.05.18"]
[EventType "swiss (blitz)"]
[EventRounds "11"]
[EventCountry "NET"]
[SourceTitle "CBM 202 Extra"]
[Source "ChessBase"]
[SourceDate "2021.07.31"]
[SourceVersion "1"]
[SourceVersionDate "2021.07.31"]
[SourceQuality "1"]

1. e4 c5 2. Nf3 Nc6 3. Bb5 g6 4. O-O Nf6 5. Re1 Bg7 6. c3 O-O 7. d4 cxd4 8. cxd4 d5 9. e5 Ne4 10. Bxc6 bxc6 11. Be3 Rb8 12. Qc1 Bg4 13. h3 Bd7 14. Nbd2 Qb6 15. Nb3 a5 16. Ng5 Nxg5 17. Bxg5 f6 18. exf6 exf6 19. Bf4 Rbe8 20. Qc3 a4 21. Nc5 Qa7 22. Qb4 a3 23. bxa3 Rxe1+ 24. Rxe1 Re8 25. a4 Bf8 26. Rxe8 Bxe8 27. a5 Bd7 28. Qb6 Bxc5 29. Qd8+ Bf8 30. Bd6 Kf7 31. Qxf8+ Ke6 32. Qe7+ Kf5 33. g4+ Kg5 34. Bf4+ Kh4 35. Qxh7# 1-0

[Event "Titled Tuesday 2021.05.18"]
[Site "Chess.com INT"]
[Date "2021.05.18"]
[Round "6"]
[White "Preotu, Razvan"]
[Black "Sengupta, Deep"]
[Result "1-0"]
[WhiteElo "2487"]
[BlackElo "2527"]
[WhiteFideId "-1"]
[WhiteFideId "-1"]
[PlyCount "49"]
[GameId "1651696443764736"]
[EventDate "2021.05.18"]
[EventType "swiss (blitz)"]
[EventRounds "11"]
[EventCountry "NET"]
[SourceTitle "CBM 202 Extra"]
[Source "ChessBase"]
[SourceDate "2021.07.31"]
[SourceVersion "1"]
[SourceVersionDate "2021.07.31"]
[SourceQuality "1"]

1. e4 c6 2. Nc3 d5 3. Nf3 Bg4 4. h3 Bxf3 5. Qxf3 e6 6. Be2 Nd7 7. d4 g6 8. Be3 Bg7 9. O-O-O Qa5 10. Kb1 dxe4 11. Nxe4 Ngf6 12. Nd6+ Ke7 13. Bf4 Nd5 14. Bd2 Qc7 15. Qxf7+ Kxd6 16. Qxg7 Rag8 17. Qh6 b5 18. Bf4+ Nxf4 19. Qxf4+ e5 20. dxe5+ Ke7 21. Qg5+ Ke8 22. Bg4 Nf8 23. Rd6 Rg7 24. Rhd1 Re7 25. Qf6 1-0

[Event "Titled Tuesday 2021.05.18"]
[Site "Chess.com INT"]
[Date "2021.05.18"]
[Round "8"]
[White "Preotu, Razvan"]
[Black "Kosteniuk, Alexandra"]
[Result "0-1"]
[WhiteElo "2487"]
[BlackElo "2474"]
[WhiteFideId "-1"]
[WhiteFideId "-1"]
[PlyCount "106"]
[GameId "1651696447909888"]
[EventDate "2021.05.18"]
[EventType "swiss (blitz)"]
[EventRounds "11"]
[EventCountry "NET"]
[SourceTitle "CBM 202 Extra"]
[Source "ChessBase"]
[SourceDate "2021.07.31"]
[SourceVersion "1"]
[SourceVersionDate "2021.07.31"]
[SourceQuality "1"]

1. e4 c6 2. Nc3 d5 3. Nf3 dxe4 4. Nxe4 Nf6 5. Qe2 Nxe4 6. Qxe4 Nd7 7. Bc4 Nf6 8. Ne5 e6 9. Qe2 b5 10. Bd3 Bb7 11. O-O Qc7 12. b3 Bd6 13. Bb2 O-O 14. a4 a6 15. Rfe1 Rfe8 16. Qe3 Nd5 17. Qh3 f5 18. Qh4 Nb4 19. Bc3 Nd5 20. Bb2 Be7 21. Qg3 Bf6 22. Rac1 Re7 23. c4 bxc4 24. Bxc4 Rd8 25. d4 a5 26. Ba3 Ree8 27. Bc5 Be7 28. Qf3 Bxc5 29. dxc5 Re7 30. Re2 g6 31. g3 Rf8 32. Rf1 f4 33. g4 Bc8 34. Rfe1 Rg7 35. h3 Ne7 36. Nd3 Nd5 37. Re5 Qd8 38. g5 Rf5 39. Rxf5 gxf5 40. h4 h6 41. Nxf4 hxg5 42. Nh5 Rg6 43. Bxd5 gxh4+ 44. Kh2 cxd5 45. Nf4 Qc7 46. Rg1 Rxg1 47. Kxg1 Qg7+ 48. Kh2 Qe5 49. Kh3 Qe4 50. Qxe4 fxe4 51. Kxh4 d4 52. Kg3 d3 53. f3 d2 0-1

[Event "Titled Tuesday 2021.05.18"]
[Site "Chess.com INT"]
[Date "2021.05.18"]
[Round "9"]
[White "Novik, Maxim"]
[Black "Preotu, Razvan"]
[Result "0-1"]
[WhiteElo "2434"]
[BlackElo "2487"]
[WhiteFideId "-1"]
[WhiteFideId "-1"]
[PlyCount "54"]
[GameId "1651696448356352"]
[EventDate "2021.05.18"]
[EventType "swiss (blitz)"]
[EventRounds "11"]
[EventCountry "NET"]
[SourceTitle "CBM 202 Extra"]
[Source "ChessBase"]
[SourceDate "2021.07.31"]
[SourceVersion "1"]
[SourceVersionDate "2021.07.31"]
[SourceQuality "1"]

1. d4 Nf6 2. Bg5 d5 3. e3 c5 4. Bxf6 gxf6 5. c4 cxd4 6. exd4 Nc6 7. Nc3 dxc4 8. d5 Ne5 9. Bxc4 Nxc4 10. Qa4+ Bd7 11. Qxc4 Qb6 12. Qe2 Rg8 13. g3 O-O-O 14. Nf3 e5 15. O-O Kb8 16. Ne4 Bg4 17. Qe3 f5 18. Nc3 f6 19. Qxb6 axb6 20. Nh4 Bb4 21. f3 Bh3 22. Rfd1 f4 23. Ne4 f5 24. Nf2 Bc5 25. Rac1 fxg3 26. hxg3 Rxg3+ 27. Kh2 Bxf2 0-1

[Event "Titled Tuesday 2021.05.18"]
[Site "Chess.com INT"]
[Date "2021.05.18"]
[Round "10"]
[White "Preotu, Razvan"]
[Black "Strybuk, Artsiom I"]
[Result "1-0"]
[WhiteElo "2487"]
[BlackElo "2256"]
[WhiteFideId "-1"]
[WhiteFideId "-1"]
[PlyCount "53"]
[GameId "1651696449105920"]
[EventDate "2021.05.18"]
[EventType "swiss (blitz)"]
[EventRounds "11"]
[EventCountry "NET"]
[SourceTitle "CBM 202 Extra"]
[Source "ChessBase"]
[SourceDate "2021.07.31"]
[SourceVersion "1"]
[SourceVersionDate "2021.07.31"]
[SourceQuality "1"]

1. e4 c5 2. Nf3 Nc6 3. Bb5 e6 4. O-O Nge7 5. d4 cxd4 6. Nxd4 a6 7. Be2 Nxd4 8. Qxd4 Nc6 9. Qc3 d5 10. exd5 exd5 11. Re1 Be6 12. Bg4 Qd7 13. Bg5 Ne7 14. Bxe6 fxe6 15. Qe5 Kf7 16. Nc3 Ng6 17. Qe2 Bb4 18. Qf3+ Kg8 19. Rad1 Bxc3 20. Qxc3 h6 21. Bc1 Kh7 22. Qd3 Rhf8 23. c4 Rac8 24. h4 Rf5 25. g4 Rxc4 26. gxf5 Rg4+ 27. Kf1 1-0

[Event "Titled Tuesday 2021.05.18"]
[Site "chess.com INT"]
[Date "2021.05.18"]
[Round "1"]
[White "Shafigullina, Zarina"]
[Black "Preotu, Razvan"]
[Result "0-1"]
[WhiteElo "2293"]
[BlackElo "2487"]
[WhiteFideId "-1"]
[WhiteFideId "-1"]
[PlyCount "76"]
[GameId "2130307587075597"]
[EventDate "2021.05.18"]
[EventType "swiss (blitz)"]
[EventRounds "11"]
[EventCountry "NET"]
[SourceTitle "The Week in Chess 1385"]
[Source "Mark Crowther"]
[SourceDate "2021.05.24"]
[SourceVersion "1"]
[SourceVersionDate "2021.05.24"]
[SourceQuality "2"]

1. d4 Nf6 2. Nf3 g6 3. g3 Bg7 4. Bg2 d5 5. O-O O-O 6. c4 dxc4 7. Na3 c3 8. bxc3 c5 9. Ne5 Nc6 10. Nac4 Be6 11. Nxc6 bxc6 12. Ne5 Nd5 13. c4 Nc3 14. Qd3 Qxd4 15. Qxd4 Nxe2+ 16. Kh1 Nxd4 17. f4 Rab8 18. Be4 Bxe5 19. fxe5 Bxc4 20. Rd1 Bd5 21. Bxd5 cxd5 22. Bh6 Rfc8 23. Rac1 Nf5 24. Bf4 e6 25. g4 Ne7 26. Bg5 Kf8 27. Rf1 Ke8 28. Rf2 Rb7 29. h4 c4 30. h5 Rcb8 31. Rcf1 Nc6 32. hxg6 hxg6 33. Rh2 Rb1 34. Rh8+ Kd7 35. Rxb8 Rxf1+ 36. Kg2 Nxb8 37. Kxf1 d4 38. Ke2 Kc6 0-1

[Event "Titled Tuesday 2021.05.18"]
[Site "chess.com INT"]
[Date "2021.05.18"]
[Round "11"]
[White "Stoleriu, George"]
[Black "Preotu, Razvan"]
[Result "1-0"]
[WhiteElo "2372"]
[BlackElo "2487"]
[WhiteFideId "-1"]
[WhiteFideId "-1"]
[PlyCount "95"]
[GameId "2130307587096626"]
[EventDate "2021.05.18"]
[EventType "swiss (blitz)"]
[EventRounds "11"]
[EventCountry "NET"]
[SourceTitle "The Week in Chess 1385"]
[Source "Mark Crowther"]
[SourceDate "2021.05.24"]
[SourceVersion "1"]
[SourceVersionDate "2021.05.24"]
[SourceQuality "2"]

1. e4 c5 2. Nf3 d6 3. Bb5+ Nd7 4. d4 cxd4 5. Qxd4 a6 6. Bxd7+ Bxd7 7. c4 Nf6 8. Nc3 g6 9. O-O Bg7 10. Qd3 O-O 11. Be3 b5 12. Rfd1 bxc4 13. Qxc4 Qb8 14. Qe2 Qb7 15. Bd4 e5 16. Be3 Nxe4 17. Nxe4 Qxe4 18. Rxd6 Bb5 19. Qd2 Rac8 20. Rc1 Rxc1+ 21. Qxc1 Qa4 22. a3 Qb3 23. Nd2 Qa2 24. b3 f5 25. a4 f4 26. Bc5 Be2 27. f3 e4 28. Nxe4 Qxb3 29. Bd4 Bxd4+ 30. Rxd4 Qe3+ 31. Qxe3 fxe3 32. Nc3 Rb8 33. Re4 Rb3 34. Rxe3 Bc4 35. Kf2 Kf7 36. Ne4 Rb2+ 37. Kg3 Kg7 38. Nd6 Bf1 39. Kf4 Bxg2 40. Re7+ Kh6 41. Nf7+ Kh5 42. Ne5 h6 43. Re6 g5+ 44. Kg3 Bh1 45. Nf7 Rg2+ 46. Kh3 g4+ 47. fxg4+ Rxg4 48. Rxh6# 1-0

[Event "Titled Tuesday 2021.04.20"]
[Site "chess.com INT"]
[Date "2021.04.20"]
[Round "5"]
[White "Boskovic, Drasko"]
[Black "Preotu, Razvan"]
[Result "1-0"]
[WhiteElo "2453"]
[BlackElo "2487"]
[WhiteFideId "-1"]
[WhiteFideId "-1"]
[PlyCount "81"]
[GameId "2130307587629017"]
[EventDate "2021.04.20"]
[EventType "swiss (blitz)"]
[EventRounds "11"]
[EventCountry "NET"]
[SourceTitle "The Week in Chess 1381"]
[Source "Mark Crowther"]
[SourceDate "2021.04.26"]
[SourceVersion "1"]
[SourceVersionDate "2021.04.26"]
[SourceQuality "2"]

1. e4 c5 2. Nf3 d6 3. Bb5+ Nd7 4. O-O a6 5. Bd3 Ngf6 6. Re1 e6 7. c3 b5 8. c4 Bb7 9. cxb5 axb5 10. Bxb5 Nxe4 11. d4 Be7 12. dxc5 Nexc5 13. Bf4 O-O 14. Nc3 d5 15. Rc1 Nf6 16. b4 Nce4 17. Qd4 Nxc3 18. Rxc3 Rxa2 19. Rc7 Ba8 20. Rec1 Bd6 21. Bxd6 Qxd6 22. Ne5 h5 23. Bd3 Ng4 24. Nxg4 hxg4 25. Qxg4 e5 26. h4 e4 27. Bf1 Qf6 28. Qg3 Ra1 29. Rxa1 Qxa1 30. h5 Qf6 31. b5 d4 32. Bc4 d3 33. Rd7 Kh7 34. b6 Qxb6 35. Bxf7 Qb1+ 36. Kh2 Qb8 37. Rc7 Qb6 38. Be6 Kh6 39. Qxg7+ Kxh5 40. Bg4+ Kh4 41. g3# 1-0

[Event "Titled Tuesday 2021.04.13"]
[Site "Chess.com INT"]
[Date "2021.04.13"]
[Round "1"]
[White "Rodriguez, Santiago"]
[Black "Preotu, Razvan"]
[Result "0-1"]
[WhiteElo "2252"]
[BlackElo "2487"]
[WhiteFideId "-1"]
[WhiteFideId "-1"]
[PlyCount "104"]
[GameId "1639009969758208"]
[EventDate "2021.04.13"]
[EventType "swiss (blitz)"]
[EventRounds "11"]
[EventCountry "NET"]
[SourceTitle "CBM 201 Extra"]
[Source "ChessBase"]
[SourceDate "2021.05.31"]
[SourceVersion "1"]
[SourceVersionDate "2021.05.31"]
[SourceQuality "1"]

1. d4 Nf6 2. Bg5 d5 3. e3 c5 4. Bxf6 gxf6 5. Nc3 Nc6 6. dxc5 e6 7. Qh5 Bxc5 8. Bd3 Nb4 9. Nge2 Qc7 10. O-O Nxd3 11. cxd3 Qe5 12. Qh4 Bd6 13. g3 Bd7 14. Nd4 a6 15. Nf3 Qf5 16. Kg2 Be7 17. e4 dxe4 18. dxe4 Qg6 19. Rfd1 Rd8 20. Qf4 h5 21. Rac1 Qg4 22. Qc7 h4 23. h3 Qg6 24. g4 Bc6 25. Rxd8+ Bxd8 26. Qf4 Kf8 27. Rd1 Be7 28. a3 Kg7 29. Kf1 Qh6 30. Qxh6+ Rxh6 31. Nd4 Be8 32. f4 Rh8 33. Ke2 Bc5 34. Kf3 Ba7 35. Nb3 Bc6 36. Na5 Rc8 37. Nxc6 Rxc6 38. Rd7 Rb6 39. b4 Rc6 40. Na4 b5 41. Rxa7 bxa4 42. g5 fxg5 43. fxg5 Kg6 44. Kf4 Rc3 45. Rxa6 Rxa3 46. b5 Rxh3 47. Rxa4 Rb3 48. Ra5 h3 49. Ra2 Rxb5 50. Rh2 Rb3 51. Kg4 e5 52. Kh4 Re3 0-1

[Event "Titled Tuesday 2021.04.13"]
[Site "Chess.com INT"]
[Date "2021.04.13"]
[Round "2"]
[White "Preotu, Razvan"]
[Black "Shuvalov, Evgenij"]
[Result "1-0"]
[WhiteElo "2487"]
[BlackElo "2182"]
[WhiteFideId "-1"]
[WhiteFideId "-1"]
[PlyCount "81"]
[GameId "1639009970446336"]
[EventDate "2021.04.13"]
[EventType "swiss (blitz)"]
[EventRounds "11"]
[EventCountry "NET"]
[SourceTitle "CBM 201 Extra"]
[Source "ChessBase"]
[SourceDate "2021.05.31"]
[SourceVersion "1"]
[SourceVersionDate "2021.05.31"]
[SourceQuality "1"]

1. e4 e6 2. d4 d5 3. Nc3 Bb4 4. e5 c5 5. a3 Bxc3+ 6. bxc3 Ne7 7. h4 Qc7 8. Rb1 b6 9. h5 h6 10. Bb5+ Bd7 11. Bd3 Ba4 12. Rh4 c4 13. Be2 Nbc6 14. f4 O-O-O 15. Nf3 Rdg8 16. Kf2 Kb7 17. Rg4 g6 18. Nh4 Qd8 19. Rb2 Nf5 20. Nxf5 gxf5 21. Rxg8 Rxg8 22. g3 f6 23. Qh1 Qf8 24. Qh4 fxe5 25. fxe5 Qg7 26. Bf4 Nd8 27. Ke3 Qf8 28. Ra2 Nf7 29. Qf6 Bd7 30. a4 a5 31. Rb2 Kc7 32. Rb1 Ng5 33. Bxg5 hxg5 34. h6 Qa3 35. Kd2 Bxa4 36. h7 Re8 37. h8=Q Bxc2 38. Qxe8 Bxb1 39. Qfd8+ Kb7 40. Qa8+ Kc7 41. Qec8# 1-0

[Event "Titled Tuesday 2021.04.13"]
[Site "Chess.com INT"]
[Date "2021.04.13"]
[Round "4"]
[White "Sanal, Vahap"]
[Black "Preotu, Razvan"]
[Result "1-0"]
[WhiteElo "2572"]
[BlackElo "2487"]
[WhiteFideId "-1"]
[WhiteFideId "-1"]
[PlyCount "108"]
[GameId "1639009972846592"]
[EventDate "2021.04.13"]
[EventType "swiss (blitz)"]
[EventRounds "11"]
[EventCountry "NET"]
[SourceTitle "CBM 201 Extra"]
[Source "ChessBase"]
[SourceDate "2021.05.31"]
[SourceVersion "1"]
[SourceVersionDate "2021.05.31"]
[SourceQuality "1"]

1. e4 c5 2. Nf3 d6 3. d4 cxd4 4. Nxd4 Nf6 5. Nc3 a6 6. a3 e5 7. Nf5 d5 8. Bg5 d4 9. Bxf6 Qxf6 10. Nd5 Qd8 11. Qg4 g6 12. Qg3 Nc6 13. Nxd4 Bg7 14. Nxc6 bxc6 15. Nc3 Rb8 16. b3 Be6 17. Be2 h5 18. O-O Qb6 19. Na4 Qa7 20. Qc3 O-O 21. Nc5 Bc8 22. Rad1 Re8 23. b4 Bf8 24. Bc4 Bxc5 25. bxc5 Be6 26. Bxe6 Rxe6 27. Rd6 Rxd6 28. cxd6 Qd4 29. Qxc6 Rb6 30. Qe8+ Kg7 31. d7 Rd6 32. c3 Qd3 33. Qxe5+ Kh7 34. h3 Rxd7 35. Qf6 Qxe4 36. Qxa6 Rc7 37. Qf6 Qc4 38. Re1 Qxc3 39. Qxc3 Rxc3 40. Ra1 Rc5 41. a4 Ra5 42. Kf1 h4 43. Ke2 g5 44. Kd3 Kg6 45. Kc4 f5 46. Kb4 Ra8 47. a5 g4 48. a6 Kg5 49. Kb5 Kf4 50. Ra4+ Kg5 51. Kb6 Rb8+ 52. Kc7 Ra8 53. Kb7 Rg8 54. a7 gxh3 1-0